[Event "USCL Baltimore vs Philadelphia"]
[Site "Internet Chess Club"]
[Date "2007.10.17"]
[Round "8"]
[White "Kaufman, Larry"]
[Black "Costigan, Richard"]
[Result "1/2-1/2"]
[WhiteElo "2406"]
[BlackElo "2287"]
[PlyCount "165"]
[EventDate "2007.??.??"]

1. e4 e5 2. Nf3 Nc6 3. Bc4 Nf6 4. d3 Be7 5. O-O d6 6. c3 O-O 7. Bb3 Be6 8. Re1
Qd7 9. Nbd2 h6 10. Nf1 Rae8 11. Ng3 a6 12. h3 Kh8 13. Ba4 b5 14. Bc2 Ng8 15. a4
g6 16. axb5 axb5 17. d4 exd4 18. cxd4 d5 19. e5 Nb4 20. Bb1 Ra8 21. Rxa8 Rxa8
22. Bd2 Qc6 23. Qe2 Qc4 24. Rc1 Qb3 25. Bxh6 Na2 26. Bxa2 Rxa2 27. Qe3 Qxb2 28.
Rxc7 Ra3 29. Qf4 Ra1+ 30. Kh2 Qxf2 31. Bg5 Ra2 32. Qh4+ Kg7 33. Nh5+ gxh5 34.
Qxf2 Rxf2 35. Bxe7 Nxe7 36. Rxe7 Kg6 37. Rb7 Rb2 38. Kg3 Kf5 39. Rb8 b4 40. Rh8
b3 41. Rxh5+ Ke4 42. Rh8 Ke3 43. Rb8 Bf5 44. h4 Bc2 45. h5 Ra2 46. Ne1 Ke2 47.
Nxc2 bxc2 48. Rc8 Kd2 49. Kf4 Ra4 50. h6 Rxd4+ 51. Kg5 Rc4 52. Rxc4 dxc4 53. h7
c1=Q 54. h8=Q Qf1 55. Qd8+ Kc2 56. Qd5 Kc3 57. g4 Qf2 58. e6 Qe3+ 59. Kf6 fxe6
60. Qe5+ Qxe5+ 61. Kxe5 Kd3 62. g5 c3 63. g6 c2 64. g7 c1=Q 65. g8=Q Qb2+ 66.
Kd6 Qb4+ 67. Kc7 Qc5+ 68. Kb7 Qb5+ 69. Ka7 Qd7+ 70. Kb8 Qd6+ 71. Kb7 Qd5+ 72.
Kb8 Kd4 73. Qg1+ Kc4 74. Qc1+ Kb5 75. Qb2+ Ka6 76. Qa3+ Qa5 77. Qe7 Qb6+ 78.
Kc8 Qc6+ 79. Kd8 Qa8+ 80. Kd7 Qd5+ 81. Qd6+ Kb5 82. Ke7 Qxd6+ 83. Kxd6 1/2-1/2

[Event "USCL Dallas vs Seattle"]
[Site "Internet Chess Club"]
[Date "2007.10.17"]
[Round "8"]
[White "Tangborn, Eric"]
[Black "Kuljasevic, Davorin"]
[Result "0-1"]
[WhiteElo "2475"]
[BlackElo "2491"]
[PlyCount "76"]
[EventDate "2007.??.??"]

1. d4 Nf6 2. Nf3 c5 3. d5 b5 4. Bg5 Qb6 5. Nc3 b4 6. Na4 Qa5 7. Bxf6 gxf6 8. b3
f5 9. Nd2 d6 10. Nc4 Qc7 11. e3 Bg7 12. Rc1 Nd7 13. c3 Rb8 14. Be2 a5 15. O-O
Nf6 16. Bf3 O-O 17. Re1 Rd8 18. Nd2 e6 19. c4 e5 20. Nf1 Kh8 21. Ng3 Rg8 22.
Be2 Qe7 23. Bd3 e4 24. Bc2 Ng4 25. Nf1 Qh4 26. g3 Qh3 27. f4 Nxh2 28. Nxh2 Bd4
29. g4 Bxe3+ 30. Rxe3 Qxe3+ 31. Kh1 fxg4 32. Qg1 Qxf4 33. Rf1 Qe5 34. Rf2 g3
35. Rg2 Bh3 36. Nf1 Qh5 37. Nxg3 Bxg2+ 38. Kxg2 Rxg3+ 0-1

[Event "USCL Dallas vs Seattle"]
[Site "Internet Chess Club"]
[Date "2007.10.17"]
[Round "8"]
[White "Boskovic, Drasko"]
[Black "Serper, Gregory"]
[Result "0-1"]
[WhiteElo "2520"]
[BlackElo "2572"]
[PlyCount "146"]
[EventDate "2007.??.??"]

1. c4 e6 2. g3 d5 3. Bg2 dxc4 4. Qa4+ Nd7 5. Qxc4 c5 6. Nf3 a6 7. O-O b5 8. Qc2
Bb7 9. b3 Ngf6 10. Bb2 Be7 11. d3 O-O 12. Nbd2 Rc8 13. Rac1 Qb6 14. Qb1 Rfd8
15. Qa1 h6 16. Rfd1 Qa7 17. Ne5 Bd5 18. Nxd7 Rxd7 19. Nf3 Rdd8 20. Ne5 Bxg2 21.
Kxg2 Nd5 22. Nf3 Bf8 23. Kg1 Nb6 24. Rc2 Nd5 25. a3 Qb7 26. Rdc1 Nb6 27. Nd2
Rc6 28. b4 c4 29. Nb3 Rcc8 30. Na5 Qd5 31. dxc4 Nxc4 32. Nxc4 Rxc4 33. Rxc4
bxc4 34. Bc3 h5 35. h4 g6 36. Bf6 Rd7 37. Qc3 Rc7 38. Rc2 Rc8 39. Rd2 Qf5 40.
Kg2 Qb5 41. f3 Qc6 42. Qe3 Bg7 43. Bxg7 Kxg7 44. Qc3+ Kg8 45. Rd4 e5 46. Rd2 e4
47. Rd4 exf3+ 48. exf3 Qe6 49. Re4 Qd5 50. Rd4 Qe6 51. Re4 Qd5 52. Rd4 Qc6 53.
Re4 Qb5 54. Rd4 Qe8 55. Re4 Qc6 56. Rd4 Qf6 57. a4 Qc6 58. a5 Qf6 59. Rd3 Kg7
60. Rd4 Kh7 61. Rd3 Kg7 62. Rd4 Rc7 63. Kf2 Rc6 64. Kg2 Kh7 65. Kf2 Kg7 66. Kg2
Rc7 67. Kf2 Kh7 68. Kg2 Qe5 69. Kh3 Rc8 70. g4 hxg4+ 71. fxg4 Rd8 72. Rxc4 Qe2
73. Rd4 Qf1+ 0-1

[Event "USCL Dallas vs Seattle"]
[Site "Internet Chess Club"]
[Date "2007.10.17"]
[Round "8"]
[White "Sinanan, Joshua"]
[Black "Guadalupe II, Francisco"]
[Result "0-1"]
[WhiteElo "2191"]
[BlackElo "2218"]
[PlyCount "104"]
[EventDate "2007.??.??"]

1. Nf3 Nf6 2. c4 c5 3. Nc3 Nc6 4. g3 d5 5. cxd5 Nxd5 6. Bg2 g6 7. O-O Bg7 8.
Qb3 e6 9. d3 O-O 10. Bd2 Nde7 11. Ne4 b6 12. Bc3 e5 13. Rfc1 Be6 14. Qa4 h6 15.
a3 Rc8 16. b4 f5 17. Ned2 cxb4 18. axb4 Nd5 19. Bb2 Ndxb4 20. Nxe5 Nxe5 21.
Qxb4 Qd7 22. Qa3 a5 23. Rab1 Rxc1+ 24. Bxc1 Rb8 25. Nf1 a4 26. Bf4 g5 27. Bd2
b5 28. Bb4 Nc6 29. Bd6 b4 30. Qxa4 Qxd6 31. Bxc6 b3 32. Bb5 Kh7 33. Ne3 b2 34.
Bc4 Qd4 35. Qa6 Bxc4 36. Nxc4 Qc3 37. Rxb2 Rxb2 38. Nxb2 Qxb2 39. Qe6 Qf6 40.
Qd7 Qe5 41. e3 f4 42. e4 f3 43. h3 h5 44. Kh2 h4 45. Qg4 hxg3+ 46. Qxg3 Kh6 47.
h4 gxh4 48. Qxe5 Bxe5+ 49. Kh3 Kg5 50. d4 Bxd4 51. e5 Bxf2 52. e6 Bc5 0-1

[Event "USCL Boston vs Philadelphia"]
[Site "Internet Chess Club"]
[Date "2007.10.31"]
[Round "10"]
[White "Christiansen, Larry"]
[Black "Kudrin, Sergey"]
[Result "1/2-1/2"]
[WhiteElo "2669"]
[BlackElo "2605"]
[PlyCount "63"]
[EventDate "2007.??.??"]

1. c4 c5 2. Nf3 Nc6 3. d4 cxd4 4. Nxd4 Nf6 5. Nc3 e6 6. a3 Be7 7. e4 O-O 8. Be2
d5 9. exd5 exd5 10. Nxc6 bxc6 11. Be3 Be6 12. cxd5 Nxd5 13. Nxd5 Bxd5 14. O-O
Bf6 15. Qc2 Rb8 16. Rab1 Ba2 17. Rbd1 Rxb2 18. Qxc6 Qa5 19. Bf3 Be6 20. Qc5
Qxc5 21. Bxc5 Rc8 22. Bxa7 Rb3 23. a4 Ra3 24. Bd4 Rxa4 25. Bxf6 gxf6 26. Rfe1
Rb4 27. h3 Rc5 28. Ra1 Rg5 29. Kh2 Rb2 30. h4 Re5 31. Kg3 Rxe1 32. Rxe1 1/2-1/2

[Event "USCL Queens vs Baltimore"]
[Site "Internet Chess Club"]
[Date "2007.10.31"]
[Round "10"]
[White "Stripunsky, Alex"]
[Black "Blehm, Pawel"]
[Result "1/2-1/2"]
[WhiteElo "2686"]
[BlackElo "2580"]
[PlyCount "74"]
[EventDate "2007.??.??"]

1. e4 e5 2. Nf3 Nc6 3. Bb5 Nf6 4. O-O Nxe4 5. Qe2 Nd6 6. Bxc6 dxc6 7. Qxe5+ Qe7
8. Qa5 Qd8 9. Qc3 f6 10. Re1+ Be7 11. Qb3 Bg4 12. Nd4 Qd7 13. Nc3 O-O-O 14. d3
c5 15. Ndb5 Nxb5 16. Nxb5 a6 17. Na7+ Kb8 18. Rxe7 Rhe8 19. Rxe8 Rxe8 20. Be3
Kxa7 21. Bxc5+ b6 22. Be3 Qc6 23. c4 Bc8 24. d4 f5 25. d5 Qf6 26. Re1 Ka8 27.
Bd2 Rxe1+ 28. Bxe1 f4 29. Qf3 Qxb2 30. d6+ Ka7 31. Qc6 cxd6 32. Qxc8 Qe2 33.
Qc7+ Ka8 34. Qc6+ Ka7 35. Qd7+ Ka8 36. Qd8+ Ka7 37. Qc7+ Ka8 1/2-1/2

[Event "USCL Queens vs Baltimore"]
[Site "Internet Chess Club"]
[Date "2007.10.31"]
[Round "10"]
[White "Zhao, Parker"]
[Black "Rohonyan, Katerina"]
[Result "1-0"]
[WhiteElo "2227"]
[BlackElo "2291"]
[PlyCount "81"]
[EventDate "2007.??.??"]

1. e4 c5 2. Nf3 Nc6 3. d3 g6 4. g3 Bg7 5. Bg2 Nf6 6. O-O O-O 7. c3 d6 8. Re1 e5
9. a3 h6 10. b4 Be6 11. b5 Ne7 12. a4 a6 13. Na3 axb5 14. axb5 Nd7 15. c4 f5
16. Bd2 Nb6 17. Qc1 Kh7 18. Bc3 Qd7 19. Nb1 Rae8 20. Ba5 Nbc8 21. Bd2 f4 22.
Nc3 g5 23. Rd1 Bg4 24. Rf1 Ng6 25. Nd5 Rf7 26. Ra8 Ref8 27. Qd1 Bf6 28. h3 Bxh3
29. Nxf6+ Rxf6 30. Nxg5+ hxg5 31. Qh5+ Kg7 32. Bxh3 Qc7 33. Qxg5 fxg3 34. fxg3
Rxf1+ 35. Bxf1 Rh8 36. Be2 Rh7 37. Bh5 Nce7 38. Re8 Rxh5 39. Qxh5 Qd7 40. Bh6+
Kf6 41. Qf3+ 1-0

[Event "USCL San Francisco vs Dallas"]
[Site "Internet Chess Club"]
[Date "2007.10.31"]
[Round "10"]
[White "Doibani, Lilia"]
[Black "Young, Gregory"]
[Result "1/2-1/2"]
[WhiteElo "2074"]
[BlackElo "2127"]
[PlyCount "67"]
[EventDate "2007.??.??"]

1. e4 c5 2. Nc3 Nc6 3. Bb5 Nd4 4. Bc4 g6 5. Nf3 Bg7 6. Nxd4 cxd4 7. Qf3 Nh6 8.
d3 O-O 9. Ne2 Ng4 10. Bxf7+ Rxf7 11. Qxg4 d5 12. Qh4 dxe4 13. Qxe4 Qc7 14. Nxd4
e5 15. Ne2 Qxc2 16. Qc4 Qxc4 17. dxc4 e4 18. Rb1 e3 19. Bxe3 Bf5 20. Rd1 Bxb2
21. O-O Be6 22. c5 Bc4 23. Rd2 Ba3 24. Rfd1 Bxe2 25. Rxe2 Rc8 26. Red2 Bxc5 27.
Rd8+ Rf8 28. Rxf8+ Kxf8 29. Rd7 Bxe3 30. fxe3 Rc1+ 31. Kf2 Rc2+ 32. Kf3 Rxa2
33. Rxb7 h6 34. h4 1/2-1/2

[Event "USCL Tennessee vs Carolina"]
[Site "Internet Chess Club"]
[Date "2007.10.31"]
[Round "10"]
[White "Larson, Gerald"]
[Black "Timmel, John"]
[Result "0-1"]
[WhiteElo "2120"]
[BlackElo "2049"]
[PlyCount "54"]
[EventDate "2007.??.??"]

1. e4 e6 2. d4 d5 3. Nd2 Be7 4. Bd3 Nf6 5. e5 Nfd7 6. Nh3 c5 7. c3 Nc6 8. Qg4
g6 9. Nf3 cxd4 10. cxd4 Qa5+ 11. Kf1 Nb4 12. Bb1 b6 13. Nhg5 Ba6+ 14. Kg1 Qb5
15. h4 Qf1+ 16. Kh2 Qxf2 17. a3 Nd3 18. b4 h5 19. Qh3 Nf6 20. exf6 Bd6+ 21. Ne5
Nxe5 22. Rd1 Ng4+ 23. Kh1 Qe2 24. Qf3 Nf2+ 25. Kg1 Qxd1+ 26. Kxf2 Qf1+ 27. Ke3
Qxc1+ 0-1

[Event "USCL Boston vs Philadelphia"]
[Site "Internet Chess Club"]
[Date "2007.10.31"]
[Round "10"]
[White "Shmelov, Denys"]
[Black "Costigan, Richard"]
[Result "1-0"]
[WhiteElo "2391"]
[BlackElo "2287"]
[PlyCount "87"]
[EventDate "2007.??.??"]

1. d4 d5 2. c4 c6 3. Nc3 Nf6 4. Nf3 a6 5. e3 g6 6. Bd3 Bg7 7. O-O O-O 8. h3 b5
9. b3 bxc4 10. bxc4 c5 11. Ne5 Be6 12. cxd5 Nxd5 13. Nxd5 Bxd5 14. Bb2 Ra7 15.
e4 Ba8 16. d5 Rb7 17. Bc3 c4 18. Be2 Qc7 19. f4 Nd7 20. Nxd7 Bxc3 21. Rc1 Bb2
22. Nxf8 Bxc1 23. Qxc1 c3 24. Qe3 c2 25. Bd3 Qc3 26. Kf2 Kxf8 27. Rc1 Rb2 28.
Qe2 f5 29. Rxc2 Rxc2 30. Bxc2 Qc5+ 31. Kg3 fxe4 32. Bxe4 a5 33. Bf3 Bb7 34. Qe5
Kf7 35. Qe6+ Kg7 36. d6 Bxf3 37. Qxe7+ Kg8 38. Qe6+ Kg7 39. Kxf3 Qc3+ 40. Kg4
h5+ 41. Kh4 Qd2 42. g3 Kh6 43. Qe7 Qb4 44. Qg5+ 1-0

[Event "USCL New York vs New Jersey"]
[Site "Internet Chess Club"]
[Date "2007.10.31"]
[Round "10"]
[White "Bonin, Jay"]
[Black "Molner, Mackenzie"]
[Result "1-0"]
[WhiteElo "2360"]
[BlackElo "2335"]
[PlyCount "57"]
[EventDate "2007.??.??"]

1. d4 Nf6 2. Nf3 c5 3. d5 b5 4. Bg5 Ne4 5. Qd3 Nxg5 6. Nxg5 g6 7. Qxb5 Bg7 8.
Nd2 Na6 9. c3 Rb8 10. Qd3 Rxb2 11. Nc4 Rb8 12. e4 d6 13. Be2 O-O 14. O-O Nc7
15. Rab1 Rxb1 16. Rxb1 e6 17. Qg3 h6 18. Nxf7 Rxf7 19. Nxd6 Rf8 20. Rb8 Qd7 21.
Nxc8 Rxc8 22. Rb7 exd5 23. Bg4 Qa4 24. h3 Qxe4 25. Bxc8 d4 26. cxd4 cxd4 27.
Rxc7 Qe1+ 28. Kh2 Be5 29. Be6+ 1-0

[Event "USCL Boston vs Philadelphia"]
[Site "Internet Chess Club"]
[Date "2007.10.31"]
[Round "10"]
[White "Smith, Bryan"]
[Black "Perelshteyn, Eugene"]
[Result "1-0"]
[WhiteElo "2442"]
[BlackElo "2615"]
[PlyCount "103"]
[EventDate "2007.??.??"]

1. e4 e5 2. Nf3 Nc6 3. Bb5 a6 4. Ba4 Nf6 5. O-O Be7 6. Re1 b5 7. Bb3 d6 8. c3
O-O 9. h3 Nb8 10. d4 Nbd7 11. Nbd2 Bb7 12. Bc2 Re8 13. Nf1 Bf8 14. Ng3 g6 15.
Bg5 h6 16. Bd2 Bg7 17. h4 h5 18. Bg5 c6 19. Qd2 Qe7 20. Nh2 Qf8 21. f4 c5 22.
fxe5 dxe5 23. d5 Nh7 24. Be3 Qd6 25. Rf1 Bf6 26. Nf3 Bd8 27. b3 Ba5 28. a4 Rec8
29. Kh1 f6 30. Bd1 Rcb8 31. Be2 Bc8 32. axb5 axb5 33. Rg1 Ndf8 34. Ne1 b4 35.
c4 Bd8 36. Nd3 Nd7 37. Rxa8 Rxa8 38. Bxh5 Nhf8 39. Bg4 Qe7 40. Bh3 Qh7 41. h5
Be7 42. d6 Bxd6 43. Nxb4 Bb7 44. Qxd6 cxb4 45. Qxb4 Bc6 46. Qd6 Ra6 47. b4 Qf7
48. Qd3 Ra4 49. b5 Bb7 50. c5 Bc8 51. c6 Qe7 52. cxd7 1-0

[Event "USCL San Francisco vs Dallas"]
[Site "Internet Chess Club"]
[Date "2007.10.31"]
[Round "10"]
[White "Wolff, Patrick"]
[Black "Boskovic, Drasko"]
[Result "1-0"]
[WhiteElo "2623"]
[BlackElo "2520"]
[PlyCount "65"]
[EventDate "2007.??.??"]

1. e4 c5 2. Nf3 Nc6 3. d4 cxd4 4. Nxd4 Qc7 5. Nc3 e6 6. Be2 a6 7. O-O Nf6 8.
Be3 Be7 9. f4 d6 10. Kh1 O-O 11. Qe1 Nxd4 12. Bxd4 b5 13. a3 Bb7 14. Qg3 Bc6
15. Rae1 Qb7 16. Bd3 g6 17. b4 a5 18. f5 e5 19. Be3 axb4 20. axb4 Ra3 21. Nd5
Bxd5 22. exd5 e4 23. Bc1 Ra1 24. Be2 Qxd5 25. Bb2 Rxe1 26. Qxe1 Nd7 27. f6 Bd8
28. Qc1 Kh8 29. c4 Qe6 30. Qf4 Nb6 31. Qh6 Rg8 32. Rf4 g5 33. Bg4 1-0

[Event "USCL New York vs New Jersey"]
[Site "Internet Chess Club"]
[Date "2007.10.31"]
[Round "10"]
[White "Zlotnikov, Mikhail"]
[Black "Krush, Irina"]
[Result "0-1"]
[WhiteElo "2408"]
[BlackElo "2512"]
[PlyCount "102"]
[EventDate "2007.??.??"]

1. c4 e5 2. g3 c6 3. d4 Bb4+ 4. Bd2 Bxd2+ 5. Qxd2 d6 6. Nc3 Nf6 7. dxe5 dxe5 8.
Qxd8+ Kxd8 9. Nf3 Re8 10. Bg2 Kc7 11. O-O a5 12. Rfd1 Nbd7 13. Rd2 Nc5 14. Ng5
Be6 15. Nxe6+ Rxe6 16. Rad1 Re7 17. Bh3 Rae8 18. f3 h5 19. Bf5 e4 20. f4 Ng4
21. Bxg4 hxg4 22. f5 Re5 23. Rf1 Nd7 24. Nd1 e3 25. Rd4 Nf6 26. Kg2 Re4 27.
Rxe4 Rxe4 28. Rf4 Re5 29. h3 gxh3+ 30. Kxh3 Kd6 31. Kg2 Kc5 32. g4 Ne4 33. Nxe3
Ng5 34. Nf1 Rxe2+ 35. Rf2 Re4 36. Kg3 Rxc4 37. Re2 Re4 38. Rxe4 Nxe4+ 39. Kf4
Kd4 40. Nh2 b5 41. Nf3+ Kd5 42. Ne5 Nd6 43. g5 c5 44. g6 fxg6 45. Nxg6 c4 46.
Ne7+ Kc5 47. Ng8 b4 48. f6 gxf6 49. Nxf6 Kd4 50. Ng4 c3 51. bxc3+ bxc3 0-1

[Event "USCL San Francisco vs Dallas"]
[Site "Internet Chess Club"]
[Date "2007.10.31"]
[Round "10"]
[White "Zilberstein, Dmitry"]
[Black "Bartholomew, John"]
[Result "1-0"]
[WhiteElo "2453"]
[BlackElo "2488"]
[PlyCount "91"]
[EventDate "2007.??.??"]

1. e4 c6 2. d4 d5 3. e5 c5 4. dxc5 e6 5. Nf3 Bxc5 6. Bd3 Nc6 7. O-O Nge7 8. a3
Ng6 9. b4 Be7 10. Re1 O-O 11. Bb2 Bd7 12. c4 dxc4 13. Bxc4 Qc7 14. Nbd2 Rac8
15. Rc1 Qb8 16. Qe2 Rfd8 17. Qe4 a6 18. Qg4 b5 19. Bd3 a5 20. bxa5 Nxa5 21. h4
Nc4 22. Bxc4 bxc4 23. Rb1 Qa7 24. Bd4 Qxa3 25. h5 Nf8 26. Ne4 Bc6 27. Nf6+ Kh8
28. Ng5 Be8 29. Nxe8 Bxg5 30. Nd6 Rxd6 31. exd6 Bf6 32. h6 Ng6 33. Bxf6 gxf6
34. Qxc4 Rg8 35. Qb4 Qa8 36. Qe4 Qf8 37. d7 Qxh6 38. Red1 Rd8 39. Rbc1 Qf8 40.
Qb7 Ne7 41. Rc3 Kg7 42. Rg3+ Ng6 43. Rc3 Ne7 44. Rdc1 Rb8 45. Qxb8 Qxb8 46. Rc8
1-0

[Event "USCL Queens vs Baltimore"]
[Site "Internet Chess Club"]
[Date "2007.10.31"]
[Round "10"]
[White "Battsetseg, Tsagaan"]
[Black "Bierkens, Peter"]
[Result "0-1"]
[WhiteElo "2234"]
[BlackElo "2200"]
[PlyCount "122"]
[EventDate "2007.??.??"]

1. e4 c5 2. Nf3 Nc6 3. d4 cxd4 4. Nxd4 e5 5. Nb5 d6 6. N1c3 a6 7. Na3 Be7 8.
Nc4 b5 9. Ne3 Nf6 10. Bd3 O-O 11. O-O Be6 12. a4 b4 13. Ncd5 a5 14. c3 bxc3 15.
bxc3 Nd7 16. Ba3 Nc5 17. Bc2 Bg5 18. Re1 Rc8 19. Rb1 Bxe3 20. Rxe3 Ne7 21.
Nxe7+ Qxe7 22. Re2 Bg4 23. f3 Be6 24. Rd2 Rfd8 25. Kh1 Qc7 26. Bd3 Nxd3 27.
Rxd3 d5 28. h3 dxe4 29. fxe4 h6 30. Bd6 Qc4 31. Qf3 f6 32. Rb7 Qc6 33. Re7 Rxd6
34. Qh5 Rc7 35. Rxd6 Qxd6 36. Qe8+ Kh7 37. Rxc7 Qxc7 38. Qxe6 Qxc3 39. Kh2 h5
40. Qf5+ Kh6 41. g4 Qd2+ 42. Kg3 h4+ 43. Kf3 Qg5 44. Qc8 Qf4+ 45. Ke2 Qxe4+ 46.
Kd2 Kg5 47. Qc7 Qb4+ 48. Ke2 Qb2+ 49. Kf3 Qb3+ 50. Ke2 Qa2+ 51. Ke1 Qa1+ 52.
Ke2 Qb2+ 53. Kf3 Qa3+ 54. Ke2 g6 55. Qxa5 Qxh3 56. Qd2+ Kxg4 57. Qb4+ Kf5 58.
a5 Qg2+ 59. Ke3 Qg1+ 60. Ke2 Qg2+ 61. Ke3 h3 0-1

[Event "USCL Tennessee vs Carolina"]
[Site "Internet Chess Club"]
[Date "2007.10.31"]
[Round "10"]
[White "Holmes, Adam"]
[Black "Phay, Gainer"]
[Result "1/2-1/2"]
[WhiteElo "1960"]
[BlackElo "1998"]
[PlyCount "102"]
[EventDate "2007.??.??"]

1. Nf3 Nf6 2. c4 g6 3. Nc3 d5 4. cxd5 Nxd5 5. e4 Nxc3 6. dxc3 Qxd1+ 7. Kxd1 Bg4
8. Bf4 Bxf3+ 9. gxf3 c6 10. Kc2 Nd7 11. Rd1 Bg7 12. Bc4 O-O-O 13. Bxf7 Rhf8 14.
Rxd7 Rxd7 15. Be6 Rf6 16. Bxd7+ Kxd7 17. Be5 Rf7 18. Rd1+ Ke6 19. Bxg7 Rxg7 20.
Kd3 Rf7 21. Ke3 g5 22. h4 h6 23. hxg5 hxg5 24. Rd8 Kf6 25. e5+ Kxe5 26. Rd7 b6
27. Rxa7 Kd6 28. a4 Rg7 29. Rb7 Kc5 30. Kd3 Rf7 31. b4+ Kd5 32. c4+ Kd6 33. Ke3
Rf4 34. Rxb6 Rxc4 35. b5 Rxa4 36. Rxc6+ Ke5 37. Rc5+ Kf6 38. Kd3 Rb4 39. Kc3
Rb1 40. Kd4 e6 41. Kc4 Ke7 42. Rxg5 Kd6 43. f4 Rb2 44. f5 Rxf2 45. fxe6 Rf4+
46. Kc3 Kxe6 47. b6 Kd6 48. Rb5 Rf8 49. Kb4 Kc6 50. Ka5 Ra8+ 51. Kb4 Rf8
1/2-1/2

[Event "USCL Seattle vs Miami"]
[Site "Internet Chess Club"]
[Date "2007.10.31"]
[Round "10"]
[White "Schmidt, Loren"]
[Black "Martinez, Marcel"]
[Result "0-1"]
[WhiteElo "2430"]
[BlackElo "2462"]
[PlyCount "76"]
[EventDate "2007.??.??"]

1. d4 Nf6 2. c4 g6 3. Nc3 Bg7 4. e4 d6 5. f3 O-O 6. Be3 c5 7. dxc5 dxc5 8. Qxd8
Rxd8 9. Bxc5 Nc6 10. Nd5 Nd7 11. Bxe7 Nxe7 12. Nxe7+ Kf8 13. Nd5 Bxb2 14. Rb1
Bg7 15. Ne2 Nc5 16. Nc1 b6 17. Nb3 Na4 18. Rc1 f5 19. Be2 fxe4 20. fxe4 Be5 21.
O-O+ Kg7 22. Rc2 Re8 23. Kh1 Ba6 24. Nd2 Nc5 25. Nf3 Rad8 26. Nd2 Bb8 27. Bf3
Bd6 28. a4 Be5 29. a5 bxa5 30. Ra2 a4 31. Bd1 Nxe4 32. Nxe4 Bxc4 33. Rxa4 Bxf1
34. Rxa7+ Kf8 35. Ndf6 Re7 36. Nxh7+ Rxh7 37. Rxh7 Rxd1 38. Nf2 Ra1 0-1

[Event "USCL San Francisco vs Dallas"]
[Site "Internet Chess Club"]
[Date "2007.10.31"]
[Round "10"]
[White "Kuljasevic, Davorin"]
[Black "Bhat, Vinay"]
[Result "1-0"]
[WhiteElo "2491"]
[BlackElo "2465"]
[PlyCount "89"]
[EventDate "2007.??.??"]

1. d4 Nf6 2. c4 e6 3. Nf3 b6 4. a3 Ba6 5. Qc2 Bb7 6. Nc3 c5 7. e4 cxd4 8. Nxd4
Bc5 9. Nb3 Nc6 10. Bg5 h6 11. Bh4 Nd4 12. Nxd4 Bxd4 13. Bd3 Be5 14. Bg3 Qb8 15.
O-O-O O-O 16. Kb1 Rd8 17. Qe2 d6 18. Bxe5 dxe5 19. f3 Qc7 20. Qe3 Ba6 21. b3
Rd4 22. Ne2 Rd7 23. Bc2 b5 24. cxb5 Bxb5 25. Nc3 Rc8 26. Kb2 a5 27. Rxd7 Nxd7
28. Rc1 Ba6 29. Na4 Bb5 30. Nc3 Bc6 31. Bd3 Nb8 32. Nb5 Qd7 33. Be2 Rd8 34. Rd1
Qe8 35. Nd6 Qe7 36. Qb6 Kh7 37. Nf5 exf5 38. Qxd8 Qa7 39. exf5 Qf2 40. Rd2 Nd7
41. f6 Qe3 42. Qxa5 gxf6 43. Qc3 Qb6 44. Rd6 Nc5 45. Qb4 1-0

[Event "USCL Tennessee vs Carolina"]
[Site "Internet Chess Club"]
[Date "2007.10.31"]
[Round "10"]
[White "Bapat, Udayan"]
[Black "Wheeler, Jerry"]
[Result "1/2-1/2"]
[WhiteElo "2126"]
[BlackElo "2200"]
[PlyCount "149"]
[EventDate "2007.??.??"]

1. e4 c5 2. Nf3 Nc6 3. Bb5 g6 4. O-O Bg7 5. d3 Na5 6. c3 a6 7. Bc4 Nxc4 8. dxc4
d6 9. Bf4 Nf6 10. Qd3 O-O 11. Na3 Qb6 12. Rab1 Qc6 13. Rfe1 Bd7 14. Nc2 b5 15.
Ne3 bxc4 16. Nxc4 a5 17. Rbd1 Qa6 18. e5 Bf5 19. Qe2 Nh5 20. Bg5 Be6 21. b3
Bxc4 22. Qxc4 Qxc4 23. bxc4 dxe5 24. g4 Nf4 25. Bxf4 exf4 26. Rxe7 Bxc3 27. Rd5
Rab8 28. Re2 Rbc8 29. Kg2 Rfd8 30. Rc2 Bb4 31. Ng5 Rxd5 32. cxd5 Rd8 33. Ne4
Kg7 34. d6 f5 35. gxf5 gxf5 36. Nxc5 Rxd6 37. Nb3 Rd3 38. Nc5 f3+ 39. Kg3 Rd5
40. Ne6+ Kf6 41. Nf4 Rd6 42. Kxf3 Rd1 43. Rc6+ Ke5 44. Ra6 Ra1 45. Re6+ Kd4 46.
Re2 Kc4 47. Ng2 Bc5 48. Ne3+ Bxe3 49. fxe3 Kd3 50. Rb2 Rf1+ 51. Kg2 Re1 52. Kf2
Rc1 53. Kf3 Rf1+ 54. Kg2 Rc1 55. Kf3 Kc3 56. Rb5 a4 57. Rc5+ Kb2 58. Rxc1 Kxc1
59. Kf4 Kb2 60. Kxf5 Kxa2 61. e4 Kb3 62. e5 a3 63. e6 a2 64. e7 a1=Q 65. e8=Q
Qf1+ 66. Kg5 Qg2+ 67. Kf5 Qh3+ 68. Kg5 Qxh2 69. Qh5 Qd2+ 70. Kf6 Qd4+ 71. Kf7
Qh8 72. Qf3+ Kc4 73. Qf6 Qxf6+ 74. Kxf6 Kd5 75. Kg5 1/2-1/2

[Event "USCL Tennessee vs Carolina"]
[Site "Internet Chess Club"]
[Date "2007.10.31"]
[Round "10"]
[White "Burnett, Ron"]
[Black "Jones, Craig"]
[Result "1/2-1/2"]
[WhiteElo "2407"]
[BlackElo "2323"]
[PlyCount "139"]
[EventDate "2007.??.??"]

1. e4 c5 2. Nf3 Nc6 3. Bb5 e6 4. O-O Nge7 5. c3 a6 6. Ba4 b5 7. Bc2 d5 8. e5
Ng6 9. d4 Be7 10. g3 O-O 11. h4 cxd4 12. cxd4 f6 13. h5 Ngxe5 14. dxe5 fxe5 15.
Nc3 Bb7 16. Qd3 Rf5 17. Nxd5 Bc5 18. Bg5 e4 19. Qxe4 Qxd5 20. Qxf5 exf5 21. Bb3
Nb4 22. Nh4 Qxb3 23. axb3 Be4 24. Be3 Bxe3 25. fxe3 Nc2 26. Rac1 Nxe3 27. Rfe1
Ng4 28. Red1 Ra7 29. Rc5 Nh6 30. Ng2 Kf7 31. Ne3 Kf6 32. Rd4 Re7 33. Rd6+ Kg5
34. Rxa6 Ng4 35. Nf1 Kxh5 36. Rd6 g6 37. b4 Ne5 38. Nh2 Ng4 39. Rxb5 Nxh2 40.
Kxh2 Kg4 41. Rc5 g5 42. b5 Bf3 43. Rd4+ f4 44. gxf4 gxf4 45. Rc2 Re1 46. Rg2+
Bxg2 47. Kxg2 Re2+ 48. Kf1 Rxb2 49. Rd5 h5 50. Rc5 h4 51. Rc3 Rxb5 52. Kg2 Rb2+
53. Kg1 Re2 54. Kf1 Re3 55. Rc2 h3 56. Kf2 Rf3+ 57. Kg1 Kf5 58. Rc5+ Ke4 59.
Rc4+ Kd3 60. Ra4 Rg3+ 61. Kh2 Ke3 62. Ra3+ Kf2 63. Ra2+ Kf3 64. Ra8 Rg7 65.
Ra3+ Kg4 66. Rxh3 Ra7 67. Rb3 Rh7+ 68. Kg2 Ra7 69. Rc3 Ra2+ 70. Kf1 1/2-1/2

[Event "USCL Queens vs Baltimore"]
[Site "Internet Chess Club"]
[Date "2007.10.31"]
[Round "10"]
[White "Enkhbat, Tegshsuren"]
[Black "Vovsha, Eli"]
[Result "1/2-1/2"]
[WhiteElo "2397"]
[BlackElo "2495"]
[PlyCount "223"]
[EventDate "2007.??.??"]

1. d4 d6 2. e4 Nf6 3. Nc3 g6 4. Be3 c6 5. Qd2 b5 6. Bd3 Nbd7 7. Nf3 Bg7 8. h3
Qc7 9. O-O O-O 10. Ne2 Re8 11. Ng3 e5 12. dxe5 Nxe5 13. Nxe5 Rxe5 14. Bf4 Re7
15. a4 bxa4 16. Rxa4 Nd7 17. Be2 Be5 18. Bxe5 dxe5 19. Qa5 Nb6 20. Ra3 Be6 21.
Qc5 Rd8 22. Rfa1 Nc8 23. Ba6 Nb6 24. Bd3 Nc8 25. Ra6 Rd6 26. R1a5 Bd7 27. b4
Be6 28. Qc3 f6 29. Rc5 Nb6 30. b5 Bd7 31. Nf1 Qb7 32. Qa3 Be8 33. Rc3 Rde6 34.
bxc6 Rxc6 35. Rb3 Bf7 36. Rb4 Rcc7 37. Ne3 Kg7 38. Rb5 Red7 39. Rba5 Nc8 40.
Qa1 Rd6 41. Ng4 Rxa6 42. Rxa6 Rc6 43. Ra5 Rb6 44. Kh2 h5 45. Ne3 Qc7 46. g4
hxg4 47. hxg4 Qd8 48. Kg2 Qd4 49. Qxd4 exd4 50. Nf1 Be6 51. Kg3 g5 52. Nd2 Rb4
53. f4 gxf4+ 54. Kxf4 Kf7 55. Nf3 Ke7 56. e5 fxe5+ 57. Nxe5 Rb6 58. Nf3 Bd7 59.
Nxd4 Rf6+ 60. Nf5+ Bxf5 61. Bxf5 Rc6 62. Ke5 a6 63. Bd3 Re6+ 64. Kf4 Nb6 65.
Rxa6 Nd5+ 66. Kf3 Re3+ 67. Kf2 Rh3 68. Bf5 Nb4 69. Re6+ Kf7 70. Re2 Kf6 71. Kg2
Rc3 72. Kf2 Kg5 73. Ke1 Nxc2+ 74. Bxc2 Kxg4 75. Kd2 Rf3 76. Be4 Rg3 77. Rf2 Kg5
78. Bf3 Kf4 79. Ke2 Ke5 80. Ke3 Rg1 81. Ra2 Re1+ 82. Be2 Kf5 83. Ra5+ Kf6 84.
Kf3 Rb1 85. Ke3 Re1 86. Kd3 Ke6 87. Bf3 Re5 88. Bg4+ Kf6 89. Ra6+ Kg5 90. Bf3
Kf4 91. Bd1 Rd5+ 92. Ke2 Re5+ 93. Kf2 Rd5 94. Ra4+ Ke5 95. Bf3 Rd4 96. Ra8 Rd3
97. Re8+ Kf4 98. Re4+ Kf5 99. Kg3 Rc3 100. Rh4 Ke5 101. Rh5+ Kd4 102. Kf4 Rd3
103. Rh8 Kc3 104. Be4 Rd4 105. Ke3 Rc4 106. Rh1 Rc5 107. Rd1 Rc4 108. Bd3 Rc5
109. Rc1+ Kb4 110. Rb1+ Kc3 111. Be4 Rc4 112. Bd5 1/2-1/2